| Tag |
First Indicator |
Second Indicator |
Subfields |
| LEADER |
00000cam a2200000 a 4500 |
| 001 |
in00000033274 |
| 005 |
20151007060544.0 |
| 008 |
871118c19871986enka b 00110 eng d |
| 010 |
|
|
|a gb 86008769
|
| 015 |
|
|
|a GB86-8769
|
| 020 |
|
|
|a 0333426096 (pbk) :
|c £6.95
|
| 035 |
|
|
|a (OCoLC)13358043
|
| 035 |
|
|
|9 AAC1128AM
|
| 040 |
|
|
|a UKM
|c UKM
|d TXA
|d UtOrBLW
|
| 043 |
|
|
|a f------
|a f------
|
| 049 |
|
|
|a TXAM
|c [A11699877]
|
| 050 |
1 |
0 |
|a SB354.6.A35
|a SB320.8.A35
|
| 050 |
|
4 |
|a SB354.6.A35
|b R52 1987
|
| 082 |
0 |
|
|a 634/.096
|a 635/.096
|2 19
|
| 100 |
1 |
|
|a Rice, Robert P.
|
| 245 |
1 |
0 |
|a Fruit and vegetable production in Africa /
|c R.P. Rice and L.W. Rice and H.D. Tindall.
|
| 264 |
|
1 |
|a London :
|b Macmillan,
|c 1987
|
| 264 |
|
4 |
|c ©1986
|
| 300 |
|
|
|a xvii, 371 pages :
|b illustrations ;
|c 23 cm.
|
| 336 |
|
|
|a text
|b txt
|2 rdacontent
|
| 337 |
|
|
|a unmediated
|b n
|2 rdamedia
|
| 338 |
|
|
|a volume
|b nc
|2 rdacarrier
|
| 504 |
|
|
|a Bibliography: pages 363-364.
|
| 500 |
|
|
|a Includes index.
|
| 650 |
|
0 |
|a Fruit
|z Africa.
|
| 650 |
|
0 |
|a Vegetables
|z Africa.
|
| 653 |
|
|
|a Africa
|a Crops: Fruit
|a Production
|
| 653 |
|
|
|a Africa
|a Crops: Vegetables
|a Production
|
| 700 |
1 |
|
|a Rice, Laura Williams.
|
| 700 |
1 |
|
|a Tindall, H. D.
|q (Harold Donovan),
|d 1921-
|
| 999 |
|
|
|a MARS
|
| 999 |
f |
f |
|s 44ec2c90-fbb4-3ecc-b85a-9ececbaf214e
|i f7a2b1f7-3d8c-374b-b2bb-257ad2a6b813
|t 0
|
| 952 |
f |
f |
|p ric
|a Texas A&M University
|b Rellis Campus
|c Joint Library Facility
|d Remote Storage
|t 0
|e SB354.6.A35 R52 1987
|h Library of Congress classification
|i unmediated -- volume
|m A14811699877
|
| 998 |
f |
f |
|a SB354.6.A35 R52 1987
|t 0
|l Remote Storage
|